El tratado de Libre Comercio con Estados Unidos : (Registro nro. 7059)
[ vista simple ]
| 000 -LEADER | |
|---|---|
| fixed length control field | 01378nam a22002297a 4500 |
| 003 - CONTROL NUMBER IDENTIFIER | |
| control field | OSt |
| 005 - DATE AND TIME OF LATEST TRANSACTION | |
| control field | 20210114105925.0 |
| 008 - FIXED-LENGTH DATA ELEMENTS--GENERAL INFORMATION | |
| fixed length control field | 210114s2004 ck ||||fr|||| 00| 0 spa d |
| 040 ## - CATALOGING SOURCE | |
| Original cataloging agency | CO-JMCR |
| Transcribing agency | CO-JMCR |
| 041 0# - LANGUAGE CODE | |
| Language code of text/sound track or separate title | spa |
| 082 04 - DEWEY DECIMAL CLASSIFICATION NUMBER | |
| Classification number | 346.86 / |
| Item number | T164t |
| Edition number | 23 |
| 100 1# - MAIN ENTRY--PERSONAL NAME | |
| Personal name | Tangarife Torres, Marcel, |
| Relator term | autora |
| 9 (RLIN) | 9075 |
| 245 13 - TITLE STATEMENT | |
| Title | El tratado de Libre Comercio con Estados Unidos : |
| Remainder of title | fundamentos jurídicos para la negociación / |
| Statement of responsibility, etc. | Marcel Tangarife Torres |
| 260 ## - PUBLICATION, DISTRIBUTION, ETC. | |
| Place of publication, distribution, etc. | Bogotá : |
| Name of publisher, distributor, etc. | Cámara de Comercio de Bogotá, |
| Date of publication, distribution, etc. | 2004 |
| 300 ## - PHYSICAL DESCRIPTION | |
| Extent | 370 páginas ; |
| Dimensions | 23 cm. |
| 500 ## - GENERAL NOTE | |
| General note | Incluye notas a pie de página. |
| 505 0# - FORMATTED CONTENTS NOTE | |
| Formatted contents note | Antecedentes del Tratado de Libre Comercio -- Fundamentos constitucionales para la negociación del Tratado de Libre Comercio con Estados Unidos -- Competencias de las ramas del Estado dentro del proceso de negociación del Tratado de Libre Comercio -- Principales características del Tratado de Libre Comercio -- Objetivos del Tratado de Libre Comercio -- Posibles capítulos del Tratado de Libre Comercio y su incidencia en el ordenamiento jurídico colombiano -- Acuerdo de Libre Comercio suscrito por Colombia y por Estados Unidos |
| 650 14 - SUBJECT ADDED ENTRY--TOPICAL TERM | |
| Topical term or geographic name entry element | Tratado de libre comercio |
| General subdivision | aspectos jurídicos |
| Geographic subdivision | Colombia |
| 9 (RLIN) | 9076 |
| 650 14 - SUBJECT ADDED ENTRY--TOPICAL TERM | |
| Topical term or geographic name entry element | Sociedades comerciales |
| General subdivision | aspectos jurídicos |
| 9 (RLIN) | 12851 |
| 650 #4 - SUBJECT ADDED ENTRY--TOPICAL TERM | |
| Topical term or geographic name entry element | Estados Unidos |
| General subdivision | tratados comerciales |
| 9 (RLIN) | 12852 |
| 942 ## - ADDED ENTRY ELEMENTS (KOHA) | |
| Source of classification or shelving scheme | Dewey Decimal Classification |
| Koha item type | Books |
| Withdrawn status | Lost status | Source of classification or shelving scheme | Damaged status | Not for loan | Home library | Current library | Date acquired | Total Checkouts | Full call number | Barcode | Date last seen | Copy number | Price effective from | Koha item type |
|---|---|---|---|---|---|---|---|---|---|---|---|---|---|---|
| Dewey Decimal Classification | Biblioteca Pública José María del Castillo y Rada | Biblioteca Pública José María del Castillo y Rada | 01/14/2021 | 346.86 / T164t | 201808769 | 05/16/2024 | Ej.1 | 01/14/2021 | Books |